[Event "Petroupoli Dias CM 1st"]
[Site "Petroupoli"]
[Date "2019.02.07"]
[Round "3"]
[White "Koutourinis, Apostolos"]
[Black "Stamatiou, Rodolfos"]
[Result "1-0"]
[WhiteElo "2106"]
[BlackElo "2019"]
[PlyCount "55"]
[EventDate "2019.01.24"]
[EventType "tourn"]
[EventRounds "9"]
[EventCountry "GRE"]
[SourceTitle "EXT 2021"]
[Source "ChessBase"]
[SourceDate "2020.10.23"]
[SourceVersion "1"]
[SourceVersionDate "2020.10.23"]
[SourceQuality "1"]

1. e4 c5 2. Nf3 e6 3. d4 cxd4 4. Nxd4 Nc6 5. Nc3 Qc7 6. f4 a6 7. Nxc6 Qxc6 8. Bd3 b5 9. Qe2 Bb7 10. Bd2 Rc8 11. a4 b4 12. Nd5 Nf6 13. Nxf6+ gxf6 14. f5 Bc5 15. b3 Bd4 16. 0-0-0 Qb6 17. Bc4 a5 18. fxe6 dxe6 19. Rhf1 Ke7 20. Bf4 e5 21. Bg5 fxg5 22. Rxf7+ Ke8 23. Qh5 Qg6 24. Qg4 Rd8 25. Rxb7 Qd6 26. Bb5+ Kf8 27. Rf1+ Kg8 28. Qxg5+ 1-0

[Event "Athens Iraklion op 20th"]
[Site "Athens"]
[Date "2017.06.25"]
[Round "9"]
[White "Koutourinis, Apostolos"]
[Black "Sonis, Francesco"]
[Result "1/2-1/2"]
[WhiteElo "2041"]
[BlackElo "2450"]
[PlyCount "117"]
[EventDate "2017.06.17"]
[EventType "swiss"]
[EventRounds "9"]
[EventCountry "GRE"]
[SourceTitle "CBM 179 Extra"]
[Source "ChessBase"]
[SourceDate "2017.08.23"]
[SourceVersion "1"]
[SourceVersionDate "2017.08.23"]
[SourceQuality "1"]

1. e4 e6 2. Qe2 c5 3. g3 Nc6 4. Nf3 g6 5. Bg2 Bg7 6. 0-0 Nge7 7. d3 d5 8. e5 Qc7 9. Re1 h6 10. h4 b6 11. c3 Bb7 12. Bf4 Rd8 13. Nbd2 Ba6 14. a3 g5 15. hxg5 Ng6 16. gxh6 Nxf4 17. gxf4 Bxh6 18. Ng5 Qe7 19. Ndf3 Kd7 20. c4 Kc7 21. b4 Bxg5 22. fxg5 dxc4 23. dxc4 Bb7 24. Qe3 cxb4 25. axb4 Qxb4 26. Qf4 Rd7 27. Reb1 Qe7 28. Rb5 a6 29. Rb2 Qc5 30. Rab1 Rhd8 31. Rxb6 Qxb6 32. Rxb6 Kxb6 33. Qf6 Rg8 34. Kh2 Kc7 35. Nh4 Nd4 36. Bxb7 Kxb7 37. f4 a5 38. f5 a4 39. g6 fxg6 40. fxe6 Rh7 41. Kg3 a3 42. Qf2 Rd8 43. Qa2 Ra8 44. c5 Rc7 45. Qd5+ Nc6 46. Qb3+ Kc8 47. Qa2 Nb4 48. e7 Rxe7 49. Qg8+ Kb7 50. Qb3 a2 51. Qxb4+ Kc8 52. c6 a1Q 53. Qxe7 Qe1+ 54. Kh2 Qf2+ 55. Ng2 Ra7 56. Qe8+ Kc7 57. e6 Kd6 58. Qxg6 Rb7 59. Qg3+ 1/2-1/2

[Event "Athens Iraklion op 20th"]
[Site "Athens"]
[Date "2017.06.24"]
[Round "8"]
[White "Georgiev, Krum"]
[Black "Koutourinis, Apostolos"]
[Result "1-0"]
[WhiteElo "2357"]
[BlackElo "2041"]
[PlyCount "89"]
[EventDate "2017.06.17"]
[EventType "swiss"]
[EventRounds "9"]
[EventCountry "GRE"]
[SourceTitle "CBM 179 Extra"]
[Source "ChessBase"]
[SourceDate "2017.08.23"]
[SourceVersion "1"]
[SourceVersionDate "2017.08.23"]
[SourceQuality "1"]

1. e4 c5 2. Nf3 d6 3. c3 Nf6 4. Be2 g6 5. 0-0 Nbd7 6. d3 Bg7 7. Re1 0-0 8. Nbd2 Ne5 9. d4 Nxf3+ 10. Bxf3 cxd4 11. cxd4 Nd7 12. Nb3 Rb8 13. Bg5 b6 14. Rc1 Bb7 15. Qe2 h6 16. Bh4 Re8 17. Qd2 Rc8 18. h3 Rxc1 19. Rxc1 Qb8 20. d5 g5 21. Bg3 Rc8 22. Rxc8+ Qxc8 23. Nd4 Bxd4 24. Qxd4 Qc5 25. Qa4 b5 26. Qa5 Qb6 27. Qxb6 Nxb6 28. b3 Kf8 29. Bg4 Bc8 30. Bxc8 Nxc8 31. f3 e6 32. dxe6 fxe6 33. Bf2 Ke7 34. Kf1 Kd7 35. Be3 a6 36. h4 gxh4 37. Bxh6 Ne7 38. Ke2 e5 39. Kf2 Ke6 40. Bg5 Ng6 41. Kg1 d5 42. exd5+ Kxd5 43. Kh2 Kd4 44. Kh3 Kc3 45. Kg4 1-0

[Event "Athens Iraklion op 20th"]
[Site "Athens"]
[Date "2017.06.22"]
[Round "6"]
[White "Koutourinis, Apostolos"]
[Black "Tsiros, Fragkiskos Vlasios"]
[Result "1-0"]
[WhiteElo "2041"]
[BlackElo "2163"]
[PlyCount "95"]
[EventDate "2017.06.17"]
[EventType "swiss"]
[EventRounds "9"]
[EventCountry "GRE"]
[SourceTitle "CBM 179 Extra"]
[Source "ChessBase"]
[SourceDate "2017.08.23"]
[SourceVersion "1"]
[SourceVersionDate "2017.08.23"]
[SourceQuality "1"]

1. e4 c5 2. Nf3 d6 3. d4 cxd4 4. Nxd4 Nf6 5. Nc3 g6 6. Be3 Bg7 7. f3 0-0 8. Qd2 Nc6 9. Bc4 Bd7 10. h4 b5 11. Ndxb5 Ne5 12. Bb3 Qc8 13. Qe2 Be6 14. Nd4 Bc4 15. Qd2 d5 16. exd5 Bxb3 17. axb3 Rd8 18. f4 Neg4 19. Nc6 Rd7 20. 0-0-0 Nxd5 21. Qxd5 Rxd5 22. Nxe7+ Kh8 23. Nxc8 Rxd1+ 24. Nxd1 Rxc8 25. Bxa7 Ra8 26. Bc5 Ra1+ 27. Kd2 Bxb2 28. Re1 Bc1+ 29. Kd3 Ra8 30. Bd4+ Kg8 31. Nc3 Bxf4 32. Re4 Be5 33. Rxg4 f5 34. Bxe5 Kf7 35. Nd5 Ra2 36. Nf4 Ra5 37. Kd4 Rb5 38. Nd3 Ke6 39. Nf4+ Kf7 40. Nd3 Ke6 41. Nc5+ Ke7 42. c4 Ra5 43. Kd5 Ra2 44. g3 Rd2+ 45. Kc6 Rc2 46. Bd6+ Kd8 47. Nb7+ Kc8 48. Bc7 1-0

[Event "Athens Iraklion op 19th"]
[Site "Athens"]
[Date "2016.06.24"]
[Round "7"]
[White "Koutourinis, Apostolos"]
[Black "Papastavropoulos, Andreas"]
[Result "1-0"]
[WhiteElo "2031"]
[BlackElo "2134"]
[PlyCount "101"]
[EventDate "2016.06.18"]
[EventType "swiss"]
[EventRounds "9"]
[EventCountry "GRE"]
[SourceTitle "CBM 173 Extra"]
[Source "ChessBase"]
[SourceDate "2016.08.29"]
[SourceVersion "1"]
[SourceVersionDate "2016.08.29"]
[SourceQuality "1"]

1. e4 c5 2. Nf3 Nc6 3. d4 cxd4 4. Nxd4 Nf6 5. Nc3 e5 6. Ndb5 d6 7. Nd5 Nxd5 8. exd5 Nb8 9. Be2 Be7 10. 0-0 0-0 11. a4 f5 12. f4 a6 13. Na3 g5 14. fxe5 dxe5 15. Nc4 Bc5+ 16. Kh1 e4 17. b4 Be7 18. Ra3 f4 19. d6 Bf6 20. Qd5+ Kh8 21. Qxe4 Bg7 22. Bd3 Bf5 23. Qxb7 Bxd3 24. Rxd3 Nd7 25. Qd5 Rc8 26. Re1 Nf6 27. Qxg5 h6 28. Qxf4 Nd5 29. Qe4 Nc3 30. Qg4 Qf6 31. Rf3 Rce8 32. Ref1 Qd8 33. Bb2 Rxf3 34. Qxf3 Rf8 35. Qd3 Ne4 36. Bxg7+ Kxg7 37. Qd4+ Kg8 38. Qd5+ Kg7 39. Qe5+ Kg8 40. Qe6+ Kg7 41. Rxf8 Qxf8 42. Qe7+ Qxe7 43. dxe7 Kf7 44. Ne3 Kxe7 45. b5 axb5 46. axb5 Nc3 47. Nf5+ Ke6 48. b6 Kd7 49. Nxh6 Kc6 50. h4 Kxb6 51. g4 1-0

[Event "Athens Iraklion op 19th"]
[Site "Athens"]
[Date "2016.06.23"]
[Round "6"]
[White "Karousos Theodorakis, Nikolaos"]
[Black "Koutourinis, Apostolos"]
[Result "1-0"]
[WhiteElo "2214"]
[BlackElo "2031"]
[PlyCount "125"]
[EventDate "2016.06.18"]
[EventType "swiss"]
[EventRounds "9"]
[EventCountry "GRE"]
[SourceTitle "CBM 173 Extra"]
[Source "ChessBase"]
[SourceDate "2016.08.29"]
[SourceVersion "1"]
[SourceVersionDate "2016.08.29"]
[SourceQuality "1"]

1. c4 Nf6 2. g3 g6 3. Bg2 Bg7 4. Nc3 0-0 5. e4 d6 6. Nge2 c5 7. 0-0 Nc6 8. d3 Ne8 9. Be3 Nd4 10. Rb1 Nc7 11. b4 Nxe2+ 12. Nxe2 Na6 13. a3 Rb8 14. Qd2 b6 15. Bh6 Nc7 16. Bxg7 Kxg7 17. d4 cxd4 18. Nxd4 Bd7 19. Rfd1 Qc8 20. Rbc1 Ne6 21. Qe3 Kg8 22. e5 dxe5 23. Qxe5 Nxd4 24. Rxd4 Be6 25. c5 bxc5 26. bxc5 Rd8 27. Rxd8+ Qxd8 28. c6 Rc8 29. c7 Qd2 30. Qc5 Qb2 31. h4 Kg7 32. Be4 Ba2 33. Qc3+ Qxc3 34. Rxc3 Be6 35. Bb7 Rf8 36. c8Q Bxc8 37. Bxc8 Rd8 38. Rc7 a5 39. Bd7 Kf6 40. Ra7 h6 41. Bb5 Rd5 42. Rxa5 Rc5 43. Ra6+ e6 44. Be2 Rc1+ 45. Kg2 g5 46. hxg5+ hxg5 47. Bh5 Rc7 48. Bf3 Ke7 49. Rb6 Rc3 50. Rb7+ Kd6 51. Rxf7 Rxa3 52. Rg7 Ra5 53. Bg4 Rc5 54. Rg6 Re5 55. f4 gxf4 56. gxf4 Re4 57. f5 Kc7 58. fxe6 Kd8 59. Rg7 Re5 60. Kf3 Re1 61. Kf4 Rf1+ 62. Ke5 Re1+ 63. Kd5 1-0

[Event "Athens Iraklion op 19th"]
[Site "Athens"]
[Date "2016.06.20"]
[Round "3"]
[White "Koutourinis, Apostolos"]
[Black "Kouta, Antonia"]
[Result "1-0"]
[WhiteElo "2031"]
[BlackElo "1592"]
[PlyCount "41"]
[EventDate "2016.06.18"]
[EventType "swiss"]
[EventRounds "9"]
[EventCountry "GRE"]
[SourceTitle "CBM 173 Extra"]
[Source "ChessBase"]
[SourceDate "2016.08.29"]
[SourceVersion "1"]
[SourceVersionDate "2016.08.29"]
[SourceQuality "1"]

1. e4 c5 2. Nf3 e6 3. d4 cxd4 4. Nxd4 Nc6 5. Nc3 Qc7 6. f4 a6 7. Nxc6 Qxc6 8. Bd3 Nf6 9. Qe2 Bb4 10. Bd2 0-0 11. 0-0-0 d6 12. g4 Qc7 13. a3 Bc5 14. g5 Nd7 15. Qh5 Bd4 16. Qh4 Nc5 17. Be1 Nxd3+ 18. Rxd3 e5 19. Nd5 Qd8 20. f5 h6 21. f6 1-0

[Event "Athens Chess Square op"]
[Site "Athens"]
[Date "2016.05.08"]
[Round "7"]
[White "Koutourinis, Apostolos"]
[Black "Kotrotsos, Vasilios"]
[Result "0-1"]
[WhiteElo "2069"]
[BlackElo "2285"]
[PlyCount "118"]
[EventDate "2016.05.02"]
[EventType "swiss"]
[EventRounds "7"]
[EventCountry "GRE"]
[SourceTitle "CBM 172 Extra"]
[Source "ChessBase"]
[SourceDate "2016.06.21"]
[SourceVersion "1"]
[SourceVersionDate "2016.06.21"]
[SourceQuality "1"]

1. e4 g6 2. d4 Bg7 3. Nc3 d6 4. Be3 a6 5. f4 b5 6. Bd3 Bb7 7. Nf3 Nd7 8. e5 c5 9. Be4 Bxe4 10. Nxe4 Nh6 11. dxc5 Ng4 12. Qe2 dxe5 13. c6 Nb8 14. Nxe5 Nxe5 15. fxe5 Nxc6 16. e6 f5 17. Rd1 Qa5+ 18. Bd2 Qxa2 19. Bc3 Bxc3+ 20. Nxc3 Qxb2 21. Qf3 Rc8 22. Ne2 Qxc2 23. 0-0 Qe4 24. Qc3 0-0 25. Nf4 Rfd8 26. Rd7 Ne5 27. Rxd8+ Rxd8 28. Qc7 Qd4+ 29. Kh1 Qd6 30. Qa7 Nd3 31. Nxd3 Qxd3 32. Rg1 Qd6 33. Re1 b4 34. h3 b3 35. Qb7 Rb8 36. Qd7 b2 37. Rb1 Qxd7 38. exd7 Kf7 39. Rxb2 Rd8 40. Rb7 Ke6 41. Rb6+ Kd5 42. Rxa6 Rxd7 43. Ra5+ Ke4 44. Ra4+ Ke5 45. Ra5+ Kf6 46. Ra6+ Rd6 47. Ra7 g5 48. Kg1 h6 49. Kf2 Rd3 50. Ra6+ e6 51. Ra7 h5 52. g3 h4 53. gxh4 Rxh3 54. hxg5+ Kxg5 55. Ra8 e5 56. Kg2 Rb3 57. Kf2 Kf4 58. Kf1 Rb2 59. Ra3 e4 0-1

[Event "Athens Chess Square op"]
[Site "Athens"]
[Date "2016.05.03"]
[Round "2"]
[White "Nikolaidis, Ioannis"]
[Black "Koutourinis, Apostolos"]
[Result "1-0"]
[WhiteElo "2554"]
[BlackElo "2069"]
[PlyCount "93"]
[EventDate "2016.05.02"]
[EventType "swiss"]
[EventRounds "7"]
[EventCountry "GRE"]
[SourceTitle "CBM 172 Extra"]
[Source "ChessBase"]
[SourceDate "2016.06.21"]
[SourceVersion "1"]
[SourceVersionDate "2016.06.21"]
[SourceQuality "1"]

1. c4 c5 2. Nc3 Nc6 3. Nf3 g6 4. e3 Bg7 5. d4 cxd4 6. exd4 d6 7. d5 Nb8 8. h3 Nf6 9. Bd3 Na6 10. 0-0 Nc5 11. Bc2 a5 12. Bg5 0-0 13. Qd2 Bd7 14. Bh6 Re8 15. Bxg7 Kxg7 16. Nd4 Rc8 17. Rfe1 e6 18. dxe6 Bxe6 19. Ndb5 d5 20. cxd5 Nxd5 21. Rad1 Na6 22. Nxd5 Bxd5 23. Rxe8 Qxe8 24. Nd6 Qc6 25. Nxc8 Qxc8 26. Qxd5 Qxc2 27. Qe5+ Kh6 28. Rd4 Qc1+ 29. Kh2 Qg5 30. Qxg5+ Kxg5 31. Rd5+ Kf6 32. Rxa5 Nb4 33. Rb5 Nxa2 34. Rb6+ Ke5 35. Rxb7 Ke6 36. g4 h6 37. h4 Nc1 38. Rb6+ Ke7 39. h5 gxh5 40. gxh5 f6 41. f4 Ne2 42. Rb4 Kd6 43. Re4 Nc1 44. Kg3 Kd5 45. Re8 Nb3 46. Kg4 Nd4 47. Rd8+ 1-0

[Event "Petroupoli ASOP Dias op"]
[Site "Petroupoli"]
[Date "2014.04.09"]
[Round "7.9"]
[White "Koutourinis, Apostolos"]
[Black "Nemtsas, Hristoforos"]
[Result "1-0"]
[WhiteElo "1960"]
[BlackElo "1934"]
[PlyCount "95"]
[EventDate "2014.02.26"]
[EventType "swiss"]
[EventRounds "7"]
[EventCountry "GRE"]
[SourceTitle "EXT 2024"]
[Source "ChessBase"]
[SourceDate "2023.10.10"]
[SourceVersion "1"]
[SourceVersionDate "2023.10.10"]
[SourceQuality "1"]

1. e4 c5 2. Nf3 d6 3. d4 Nf6 4. Nc3 cxd4 5. Nxd4 a6 6. Bc4 e6 7. Be3 b5 8. Bb3 b4 9. Na4 Be7 10. 0-0 0-0 11. c3 bxc3 12. Nxc3 Bb7 13. f3 Nbd7 14. Bxe6 fxe6 15. Nxe6 Qc8 16. Rc1 Nc5 17. Nxf8 Bxf8 18. e5 Nfd7 19. b4 Ne6 20. exd6 Qb8 21. Qb3 Qxd6 22. Rcd1 Qe7 23. Rfe1 Re8 24. Nd5 Bxd5 25. Qxd5 Nf6 26. Qc4 Qxb4 27. Qxa6 Bc5 28. Bxc5 Qxc5+ 29. Kh1 Kf7 30. Rc1 Qd5 31. Rb1 Re7 32. Re2 Rd7 33. Rbe1 Nf4 34. Re3 Kg6 35. g3 Nd3 36. R1e2 Rd6 37. Qc8 Rc6 38. Qh3 Rc1+ 39. Kg2 Qd4 40. Qe6 Rb1 41. h4 Rb2 42. Rxd3 Qxd3 43. Rxb2 h5 44. Qe2 Qd4 45. Qc2+ Kf7 46. Rb7+ Kf8 47. Qc7 Qd2+ 48. Kh3 1-0

[Event "Petroupoli ASOP Dias op"]
[Site "Petroupoli"]
[Date "2014.03.19"]
[Round "4.8"]
[White "Tsagkaropoulos, Spyridon"]
[Black "Koutourinis, Apostolos"]
[Result "0-1"]
[WhiteElo "2029"]
[BlackElo "1960"]
[PlyCount "44"]
[EventDate "2014.02.26"]
[EventType "swiss"]
[EventRounds "7"]
[EventCountry "GRE"]
[SourceTitle "EXT 2024"]
[Source "ChessBase"]
[SourceDate "2023.10.10"]
[SourceVersion "1"]
[SourceVersionDate "2023.10.10"]
[SourceQuality "1"]

1. e4 c5 2. Nf3 d6 3. d4 cxd4 4. Nxd4 Nf6 5. Nc3 g6 6. Bg5 Bg7 7. Bb5+ Bd7 8. Qe2 Nc6 9. Bxc6 bxc6 10. 0-0-0 Qa5 11. f4 Bg4 12. Nf3 0-0 13. h3 Bxf3 14. gxf3 Rab8 15. Rd3 Nh5 16. Qe3 f6 17. Bh4 Bh6 18. Kb1 Nxf4 19. Rdd1 Rxb2+ 20. Ka1 Rxc2 21. Rc1 Ng2 22. Qxh6 Qxc3+ 0-1

[Event "Heraclion op 10th"]
[Site "Athens"]
[Date "2006.06.15"]
[Round "6"]
[White "Stefanidi, Maria Anna"]
[Black "Koutourinis, Apostolos"]
[Result "1/2-1/2"]
[WhiteElo "2170"]
[BlackElo "1917"]
[PlyCount "152"]
[EventDate "2006.06.10"]
[EventType "swiss"]
[EventRounds "9"]
[EventCountry "GRE"]
[SourceTitle "CBM 112 Extra"]
[Source "ChessBase"]
[SourceDate "2006.07.14"]
[SourceVersion "1"]
[SourceVersionDate "2006.07.14"]
[SourceQuality "1"]

1. e4 c5 2. Nf3 d6 3. d4 cxd4 4. Nxd4 Nf6 5. Nc3 g6 6. g3 Bg7 7. Bg2 0-0 8. 0-0 a6 9. a4 Qc7 10. h3 Nc6 11. Nde2 h5 12. Bg5 Be6 13. Qd2 Kh7 14. Kh2 Rab8 15. f4 b5 16. e5 dxe5 17. axb5 axb5 18. Bxc6 Qxc6 19. fxe5 Ne4 20. Nxe4 Qxe4 21. Bxe7 Rfc8 22. Nc3 Qxe5 23. Rae1 Qd4 24. Qg5 Bh6 25. Qf6 Qxf6 26. Bxf6 b4 27. Ne4 Rxc2+ 28. Kg1 Bxh3 29. Be5 Bxf1 30. Bxb8 Bc4 31. Nf6+ Kh8 32. Re8+ Kg7 33. Be5 Be3+ 34. Kh1 Kh6 35. Ng8+ Kh7 36. Ne7 Kh6 37. Bf6 Rc1+ 38. Kg2 Rc2+ 39. Kf3 Rf2+ 40. Kxe3 Rxf6 41. Ng8+ Kg7 42. Nxf6 Kxf6 43. Re4 Be6 44. Rxb4 Ke5 45. Rb5+ Kd6 46. Kd4 Kc6 47. Ra5 Kb6 48. Rg5 Kc6 49. Rc5+ Kb6 50. Rc1 Kb5 51. Rc7 Kb6 52. Rc5 Ba2 53. b4 Be6 54. Ke5 g5 55. Kd6 h4 56. gxh4 gxh4 57. Rh5 h3 58. Rg5 Bc4 59. Rh5 Be6 60. Rh8 Kb7 61. Kc5 Bg4 62. b5 Kc7 63. b6+ Kb7 64. Re8 Bf3 65. Re7+ Kb8 66. Re8+ Kb7 67. Rh8 Bg2 68. Rh7 Kb8 69. Kb5 Bf1+ 70. Kb4 Bg2 71. Ka5 Ka8 72. Kb5 Kb8 73. Rxf7 h2 74. Ka6 Kc8 75. Rh7 h1Q 76. Rxh1 Bxh1 1/2-1/2

[Event "GRE-ch U20"]
[Site "Athens"]
[Date "2006.01.04"]
[Round "2.3"]
[White "Panagiotopoulos, Alexandros"]
[Black "Koutourinis, Apostolos"]
[Result "1-0"]
[WhiteElo "2171"]
[BlackElo "1914"]
[PlyCount "85"]
[EventDate "2006.01.03"]
[EventType "swiss"]
[EventRounds "9"]
[EventCountry "GRE"]
[SourceTitle "EXT 2024"]
[Source "ChessBase"]
[SourceDate "2023.10.10"]
[SourceVersion "1"]
[SourceVersionDate "2023.10.10"]
[SourceQuality "1"]

1. e4 c5 2. Nf3 d6 3. d4 cxd4 4. Qxd4 Nc6 5. Bb5 Bd7 6. Bxc6 Bxc6 7. Nc3 Nf6 8. Bg5 e6 9. 0-0-0 Be7 10. Rhe1 0-0 11. Kb1 Qa5 12. Qd2 Kh8 13. Nd4 Rfd8 14. f4 Ng8 15. Bxe7 Nxe7 16. g4 e5 17. Nf3 Ng6 18. f5 Nf4 19. Qf2 f6 20. Nd5 Nxd5 21. exd5 Bxd5 22. a3 Bxf3 23. Qxf3 d5 24. g5 Qc5 25. Re3 d4 26. Red3 Qc6 27. Qh3 Rac8 28. c3 Qe4 29. gxf6 dxc3 30. Qg4 c2+ 31. Ka2 c1N+ 32. Kb1 Qxd3+ 33. Rxd3 gxf6 34. Rxd8+ Rxd8 35. Kxc1 Rd7 36. Kc2 a6 37. h4 Rc7+ 38. Kd3 Rd7+ 39. Ke3 Rd4 40. Qh5 Kg7 41. Qe8 Rxh4 42. Qe7+ Kg8 43. Qxf6 1-0

[Event "GRE-ch U20"]
[Site "Athens"]
[Date "2006.01.03"]
[Round "1.10"]
[White "Koutourinis, Apostolos"]
[Black "Tzouganakis, Panteleimon"]
[Result "1-0"]
[WhiteElo "1914"]
[BlackElo "1833"]
[PlyCount "65"]
[EventDate "2006.01.03"]
[EventType "swiss"]
[EventRounds "9"]
[EventCountry "GRE"]
[SourceTitle "EXT 2024"]
[Source "ChessBase"]
[SourceDate "2023.10.10"]
[SourceVersion "1"]
[SourceVersionDate "2023.10.10"]
[SourceQuality "1"]

1. e4 Nf6 2. e5 Nd5 3. d4 d6 4. c4 Nb6 5. Nf3 Nc6 6. exd6 cxd6 7. Be2 g6 8. d5 Nb8 9. Qd4 Rg8 10. Nc3 Bg7 11. Qh4 Bf6 12. Bg5 N8d7 13. Ne4 Bxg5 14. Nfxg5 h5 15. Nxf7 Kxf7 16. Ng5+ Kf6 17. Qf4+ Kg7 18. Ne6+ Kh7 19. Nxd8 Rxd8 20. Qf7+ Kh6 21. Qxe7 Rf8 22. Qxd6 Rf6 23. Qg3 Nf8 24. 0-0 Bf5 25. Bd3 Rc8 26. Bxf5 Rxf5 27. b3 Nfd7 28. Rae1 Nc5 29. Re7 a5 30. Qe3+ g5 31. Re6+ Nxe6 32. Qxe6+ Kg7 33. Qxf5 1-0

[Event "Attica-ch U20"]
[Site "Athens"]
[Date "2005.12.30"]
[Round "5.2"]
[White "Koutourinis, Apostolos"]
[Black "Vandoros, Nikolaos"]
[Result "0-1"]
[WhiteElo "1937"]
[BlackElo "2017"]
[PlyCount "54"]
[EventDate "2005.12.27"]
[EventType "swiss"]
[EventRounds "6"]
[EventCountry "GRE"]
[SourceTitle "EXT 2024"]
[Source "ChessBase"]
[SourceDate "2023.10.10"]
[SourceVersion "1"]
[SourceVersionDate "2023.10.10"]
[SourceQuality "1"]

1. e4 d5 2. exd5 Qxd5 3. Nc3 Qa5 4. d4 Nf6 5. Nf3 Bg4 6. Bd3 Nc6 7. Bd2 Qh5 8. Nb5 0-0-0 9. c3 a6 10. Na3 e5 11. Be2 exd4 12. Qa4 Bxf3 13. Bxf3 Qe5+ 14. Kf1 Ne4 15. Be1 f5 16. Nc4 Qe6 17. Rc1 d3 18. Nd2 Nc5 19. Qa3 Ne5 20. Bd1 Ng4 21. b4 Ne4 22. h3 Ngxf2 23. Bxf2 Nxd2+ 24. Kg1 Nc4 25. Qa4 d2 26. Rb1 Qe1+ 27. Bxe1 dxe1Q+ 0-1

[Event "Heraklio op 9th"]
[Site "Heraklion"]
[Date "2005.??.??"]
[Round "7"]
[White "Papargiriou, Anastasios"]
[Black "Koutourinis, Apostolos"]
[Result "1/2-1/2"]
[WhiteElo "2130"]
[BlackElo "1890"]
[PlyCount "106"]
[EventDate "2005.06.??"]
[EventType "swiss"]
[EventRounds "9"]
[EventCountry "GRE"]
[SourceTitle "EXT 2007"]
[Source "ChessBase"]
[SourceDate "2006.11.23"]
[SourceVersion "1"]
[SourceVersionDate "2006.11.23"]
[SourceQuality "1"]

1. e4 c5 2. Nc3 Nc6 3. Bb5 Nd4 4. Bc4 d6 5. f4 g6 6. Nge2 Bg7 7. 0-0 Nh6 8. d3 0-0 9. Nxd4 cxd4 10. Ne2 Be6 11. Bb3 Bxb3 12. axb3 f5 13. Kh1 a6 14. c3 e5 15. b4 Qd7 16. Ra5 b5 17. Bd2 Qb7 18. Ng3 Qd7 19. Qb3+ Qf7 20. Qa3 Qb7 21. h3 fxe4 22. Nxe4 Nf5 23. Ra1 Ne3 24. Rxa6 Rxa6 25. Qxa6 Qxa6 26. Rxa6 Rxf4 27. Rxd6 Rf1+ 28. Kh2 Rb1 29. h4 Nf1+ 30. Kh3 Nxd2 31. Nxd2 Rxb2 32. Ne4 dxc3 33. Rd8+ Bf8 34. Nxc3 Rxb4 35. Rd5 Rd4 36. Rxd4 exd4 37. Nxb5 Bg7 38. Kg4 Kf7 39. Kf3 Bf6 40. h5 gxh5 41. Ke4 Kg6 42. Nxd4 Kg5 43. Ne2 Kg4 44. d4 h4 45. d5 h3 46. gxh3+ Kxh3 47. d6 Kg4 48. Nf4 h5 49. Nd5 Bd8 50. Ne3+ Kg3 51. Ke5 h4 52. Nf5+ Kg4 53. Nxh4 Bxh4 1/2-1/2